Joueurs vainqueurs de la Coupe du Monde au XXI siècle. - Statistiques

Statistiques générales
  • Ce quiz a été pris 48 fois
    22 depuis la dernière actualisation
  • Le résultat moyen est 85 sur 147
Statistiques - réponses
Année Poste Club Numéro Joueurs % Correct
A Atlético Madrid 7 Antoine Griezmann
100%
A PSG 10 Kylian Mbappé
100%
A PSG 10 (Capitaine) Lionel Messi
100%
G PSG 23 Alphonse Areola
95%
D VFB Stuttgart 2 Benjamin Pavard
95%
M Juventus Fc 14 Blaise Matuidi
95%
M Bayern Munich 12 Corentin Tolisso
95%
G Aston Villa 23 Emiliano Martinez
95%
France 2018 G Tottenham 1 (Capitaine) Hugo Lloris
95%
M Athletic Bilbao 20 Javi Martinez
95%
A Manchester City 9 Julian Alvarez
95%
A Inter Milan 22 Lautaro Martinez
95%
D Manchester United 25 Lisandro Martinez
95%
D Atlético Madrid 21 Lucas Hernandez
95%
Allemagne 2014 G Bayern 1 Manuel Neuer
95%
M Chelsea FC 13 N'Golo Kanté
95%
A Chelsea FC 9 Olivier Giroud
95%
A FC Barcelone 11 Ousmane Dembélé
95%
M Manchester United 6 Paul Pogba
95%
D Real Madrid 4 Raphael Varane
95%
D FC Barcelone 5 Samuel Umtiti
95%
G OM 16 Steve Mandanda
95%
D OM 17 Adil Rami
90%
M FC Barcelone 6 Andrés Iniesta
90%
A Juventus FC 11 Angel Di Maria
90%
D Manchester City 22 Benjamin Mendy
90%
D FC Barcelone 5 Carles Puyol
90%
Espagne 2010 G Real Madrid 1 (Capitaine) Iker Casillas
90%
A OL 18 Nabil Fékir
90%
A AS Roma 21 Paulo Dybala
90%
D PSG 3 Presnel Kimpembe
90%
M Séville FC 15 Steven Nzonzi
90%
A Valence CF 7 David Villa
85%
Coach Didier Deschamps
85%
D Juventus 5 (Capitaine) Fabio Cannavaro
85%
A OM 20 Florian Thauvin
85%
Italie 2006 G Juventus FC 1 Gianluigi Buffon
85%
A Lazio Roma 11 Miroslav Klose
85%
D Bayern 16 (Capitaine) Philipp Lahm
85%
A Inter MIlan 9 Ronaldo
85%
A AS Monaco 8 Thomas Lemar
85%
M Bayern 13 Thomas Muller
85%
M FC Barcelone 8 Xavi
85%
D AS Roma 2 (Capitaine) Cafu
80%
D AS Monaco 19 Djibril Sidibé
80%
A Cheslea 9 Fernando Torres
80%
M Arsenal FC 8 Mesut Ozil
80%
D OL 3 Nicolas Tagliafico
80%
M PSG 11 Ronaldinho
80%
M FC Barcelone 16 Sergio Busquets
80%
D Real Madrid 15 Sergio Ramos
80%
D Tottenham 13 Cristian Romero
75%
M SL Benfica 24 Enzo Fernandez
75%
D FC Barcelone 3 Gerard Piqué
75%
D Bayern 20 Jérôme Boateng
75%
M Sao Paulo 23 Kaka
75%
D Inter Milan 23 Marco Materazzi
75%
M Bayern 19 Mario Gotze
75%
D BvB 5 Mats Hummels
75%
D SL Benfica 19 Nicolas Otamendi
75%
D Real Madrid 6 Roberto carlos
75%
M Real Madrid 6 Sami Khedira
75%
G FC Barcelone 12 Victor Valdes
75%
M Milan AC 21 Andrea Pirlo
70%
M Bayern 7 Bastian Schweinsteiger
70%
M Valence CF 21 David Silva
70%
M Milan AC 8 Gennaro Gattuso
70%
A FC Barcelone 18 Pedro
70%
A Juevntus FC 7 Alessandro Del Piero
65%
M AS Roma 10 Francesco Totti
65%
M Altetico Mineiro 8 Gilberto Silva
65%
Coach Joachim Low
65%
M Atlético Madrid 7 Rodrigo De Paul
65%
M Brighton 20 Alexis Mac Allister
60%
M Arsenal 10 Cesc Fabregas
60%
A Milan AC 18 Filippo Inzaghi
60%
M Séville FC 17 Papu Gomez
60%
G Liverpool 23 Pepe Reina
60%
M Real Madrid 14 Xabi Alonso
60%
D Milan AC 13 Alessandro Nesta
55%
A Chelsea FC 9 André Schurrle
55%
A Atlético Madrid 15 Angel Correa
55%
D VIllarreal 11 Joan Capdevila
55%
M Juventus FC 5 Leandro Paredes
55%
Coach Lionel Scaloni
55%
D Bayer Leverkusen 3 Lucio
55%
A Arsenal FC 10 Lukas Podolski
55%
D Atlético Madrid 26 Nahuel Molina
55%
M Milan AC 10 Rivaldo
55%
M Bayern 18 Toni kroos
55%
G Corinthians 12 Dida
50%
G Villarreal CF 12 Geronimo Rulli
50%
D Arsenal FC 17 Per Mertesacker
50%
M AS Roma 4 Daniele De Rossi
45%
D US Palerme 3 Fabio Grosso
45%
D Juventus 19 Gianluca Zambrotta
45%
M Flamengo 19 Juninho
45%
D Séville FC 8 Marcos Acuna
45%
A ACF Fiorentina 9 Luca Toni
40%
Coach Luiz Felipe Scolari
40%
Coach Marcello Lippi
40%
D Real Madrid 2 Raul Albiol
40%
Coach Vicente del Bosque
40%
A Milan AC 11 Alberto Gilardino
35%
D Schalke 04 4 Benedikt Howedes
35%
A Séville FC 22 Jesus Navas
35%
M Valence CF 13 Juan Mata
35%
M Schalke 04 14 Julian Draxler
35%
M Juventus 16 Mauro Camoranesi
35%
D US Palerme 6 Andrea Barzagli
30%
M Borussia M'Gladbach 23 Christoph Kramer
30%
M Bayer Leverkusen 14 Exequiel Palacios
30%
Argentine 2022 G River Plate 1 Franco Armani
30%
D Séville FC 4 Gonzalo Montiel
30%
M Real Betis 18 Guido Rodriguez
30%
D Sampdoria 21 Shkodran Mustafi
30%
M Atlanta United 16 Thiago Almada
30%
D OL 5 Edmilson
25%
A Athletic Bilbao 19 Fernando LLorente
25%
D Villarreal 2 Juan Foyth
25%
G BvB 22 Roman Weidenfeller
25%
D Real Betis 6 German Pezzella
20%
D SC Fribourg 3 Matthias Ginter
20%
D Real Madrid 17 Alvaro Arbeola
15%
D Valence CF 4 Carlos Marchena
15%
D BvB 2 Kevin Grosskreutz
15%
M Atletico Paranaense 15 Kleberson
15%
Brésil 2002 G Palmeiras 1 Marcos
15%
D Lazio Rome 22 Massimo Oddo
15%
G Sao Paulo 22 Rogerio ceni
15%
D Milan AC 4 Roque Junior
15%
M AS Rome 20 Simone Perrotta
15%
D Sao Paulo 13 Belleti
10%
D BvB 15 Erik Durm
10%
D Parme FC 16 Junior
10%
A Gremio 21 Luizao
10%
G Hanovre 96 12 Ron-Robert Zieler
10%
D Gremio 14 Anderson Polga
5%
G Lazio Rome 12 Angelo Peruzzi
5%
D US Palerme 2 Cristian Zaccardo
5%
M Real Betis 17 Denilson
5%
G Livourne Calcio 14 Marco Amelia
5%
M Sao Paulo 7 Ricardinho
5%
M US Palerme 17 Simone Barone
5%
M Fluminense 18 Vampeta
5%
A Udinese Calcio 15 Vincenzo Laquinta
5%
A Cruzeiro 20 Edilson
0%
Aucun quiz correspondant
Distribution des résultats
% des personnes avec chaque résultat
Percentile par nombre de réponses
Votre historique - résultats
Vous n’avez pas pris ce quiz depuis la dernière actualisation